00000000nam##2200000za#4500
0019.700060
003CaOODSP
00520210625000650
007cr |||||||||||
008150407|2014||||xxc|||||o    f|0| 0 eng|d
020 |a978-1-100-25251-3
040 |aCaOODSP|beng
043 |an-cn---
0861 |aH129-45/4-2014E-PDF
1101 |aCanada. |bHealth Canada.
24510|aTalking about drugs : |h[electronic resource]|bget help
260 |aOttawa - Ontario : |bHealth Canada |cc2014.
300 |a4p.
590 |a15-01|b2015-01-02
69007|aDrug education|2gcpds
77508|tLes drogues. Parlez-en : |w(CaOODSP)9.643975
85640|ahttp://publications.gc.ca|qPDF|s4.41 MB|uhttps://publications.gc.ca/collections/collection_2014/sc-hc/H129-45-4-2014-eng.pdf
986 |aPub.: 140331